La solución judicial de los conflictos colectivos de trabajo

Saved in:
书目详细资料
主要作者: Azofra Maté, Fernando (Author)
格式: 图书
语言:西班牙语
出版: Madrid Dykinson 1993
主题:
标签: 添加标签
没有标签, 成为第一个标记此记录!

MARC

LEADER 00000nam a2200000 a 4500
001 UCY5913
003 CL-VaPUC
008 950521e19930000SP |||||||||||||||||spa|d
082 0 4 |a 344.01  |b AZO  |2 21 
100 0 |a Azofra Maté, Fernando  |e author  |9 335336 
245 1 3 |a La solución judicial de los conflictos colectivos de trabajo 
300 |a 223 p 
942 |c BK 
945 |d 19950521 00:00:00  |a aalvarez 
260 |a Madrid  |b Dykinson  |c 1993 
650 0 |a Negociación colectiva  |9 312433 
650 7 |a DERECHO LABORAL  |2 CL-VaPUC  |9 15 
583 |a last modification  |c 20170711 04:05:59  |k Rodrigo Vera 
999 |c 233514  |d 233512 
952 |0 0  |1 0  |4 0  |6 344_010000000000000_AZO_1993  |7 0  |8 A  |9 239093  |a BIBDER  |b BIBDER  |d 2019-11-18  |i 3085694  |o 344.01 AZO 1993  |p 3085694  |r 2023-01-25  |w 2019-11-18  |y BK  |k DER